H to P Animals - Statistics

General Stats
  • This quiz has been taken 25 times
  • The average score is 8 of 9
Answer Stats
Picture Hint Answer % Correct
H Hippopotamus
100%
L Lion
95%
M Monkey
95%
O Octopus
95%
P Polar Bear/Penguin
95%
J Jaguar
91%
K Koala
91%
I Iguana
86%
N Newt
64%
No matching quizzes found
Score Distribution
Percent of People with Each Score
Percentile by Number Answered
Your Score History
You have not taken this quiz